000 00327nam a22001337a 4500
003 SGT
082 _a617.643
_bM13Y
100 _aYADAV, NISHENDU
245 _aMIXED DENTITION TREATMENT IN ORTHODONTICS
260 _aDELHI NCR
_bSGT UNIVERSITY GURUGRAM
_c2013
300 _a1-209
650 _aORTHODONTICS
942 _2ddc
_cTH
999 _c18543
_d18543